| 000 | 01060nam a2200289 i 4500 | ||
|---|---|---|---|
| 005 | 20151009124034.0 | ||
| 008 | 780920s1978 gw a b 001 0 ger | ||
| 020 | _a3440002985 | ||
| 040 |
_aDLC _cDLC _dDLC _dCO-BoIAVH |
||
| 041 | 1 | _ager | |
| 044 | _agx | ||
| 082 | 0 | 4 |
_a635.8 _bK96k |
| 100 | 1 | _aKult, Karel. | |
| 245 | 1 | 0 |
_aKosmos-Pilzfibel : _bpraktischer Leitfaden für den Pilzsammler / _cKarel Kult ; mit 108 Farbfotos von J. und M. Erhart ; [aus dem Tschechischen übertragen von Hana Barthova]. |
| 260 |
_aStuttgart (Alemania): _bFranckh, _c1978. |
||
| 300 |
_a64 páginas : _bilustraciones a color ; _c20 cm. |
||
| 490 | 0 |
_aKosmos-Bibliothek ; Bd. 298 _x0452-621X |
|
| 500 | _aIncluye índice. | ||
| 504 | _aIncluye referencias bibliográficas (página 62). | ||
| 650 | 0 |
_aHongos _xIdentificación. |
|
| 650 | 0 |
_aHongos _vGuía _xIdentificación. |
|
| 650 | 0 |
_aHongos _xClasificación. |
|
| 650 | 6 |
_aHongos _xTaxonomía |
|
| 700 | 1 | _aErhart, Josef. | |
| 700 | 1 | _aErhart, M. | |
| 942 |
_2ddc _cLIBRO |
||
| 999 |
_c2352 _d2352 |
||